Normal view
MARC view
- اللغات السامية - لهجات - تاريخ - اللغة العربية - لهجات - تاريخ -
Entry Topical Term
001 - CONTROL NUMBER
- control field: 46089
003 - CONTROL NUMBER IDENTIFIER
- control field: JO-AjAnu
005 - DATE AND TIME OF LATEST TRANSACTION
- control field: 20230606081623.0
008 - FIXED-LENGTH DATA ELEMENTS
- fixed length control field: 230606|| aca||aabn | a|a d
040 ## - CATALOGING SOURCE
- Original cataloging agency: JO-AjAnu
- Transcribing agency: JO-AjAnu
150 ## - HEADING--TOPICAL TERM
- Topical term or geographic name entry element: اللغات السامية - لهجات - تاريخ - اللغة العربية - لهجات - تاريخ -
670 ## - SOURCE DATA FOUND
- Source citation: Work cat.: (JO-AjAnu)23593: عبابنة، يحيى, author 46088, النظام اللغوي للهجة الصفاوية في ضوء الفصحى واللغات السامية